At last (Record no. 78012)

MARC details
000 -LEADER
fixed length control field 01137cab a2200205 4500
001 - CONTROL NUMBER
control field L135817
008 - FIXED-LENGTH DATA ELEMENTS--GENERAL INFORMATION
fixed length control field 061212n2006 000 0 eng u
035 ## - SYSTEM CONTROL NUMBER
System control number (Sirsi) u135817
041 0# - LANGUAGE CODE
Language code of text/sound track or separate title eng
100 1# - MAIN ENTRY--PERSONAL NAME
Personal name Heaps, Patrick
245 00 - TITLE STATEMENT
Title At last
Remainder of title retail warehouse market round-up
260 ## - PUBLICATION, DISTRIBUTION, ETC.
Date of publication, distribution, etc. 2006
490 #0 - SERIES STATEMENT
Series statement Journal of Retail and Leisure Property
Volume/sequential designation 5(4)October 2006, 338-340(3)
520 ## - SUMMARY, ETC.
Summary, etc. Focuses on the latest retail activity and the current investment market. Retail warehousing has outperformed all other property markets in the last ten years in yielding greater returns on investments. The market is maturing in many respects. Investors are becoming more discerning, and have heightened requirements in the fields of retail warehouse management, commercialisation and marketing, and in receiving advice from specialist consultants. Retailers are making more diverse demands regarding the utilisation of space, flexibility of use and store design and signage taking.
590 ## - LOCAL NOTE (RLIN)
Local note KA
651 #4 - SUBJECT ADDED ENTRY--GEOGRAPHIC NAME
Geographic name United Kingdom
Chronological subdivision
690 ## - LOCAL SUBJECT ADDED ENTRY--TOPICAL TERM (OCLC, RLIN)
Topical term or geographic name as entry element PROPERTY-COMMERCIAL PROPERTY-RETAIL PROPERTY
700 1# - ADDED ENTRY--PERSONAL NAME
Personal name Mather, Jonathan
942 ## - ADDED ENTRY ELEMENTS (KOHA)
Suppress in OPAC 0
Holdings
Withdrawn status Lost status Source of classification or shelving scheme Damaged status Not for loan Home library Current library Shelving location Date acquired Total Checkouts Full call number Barcode Date last seen Copy number Price effective from Koha item type
    Dewey Decimal Classification     London London Journal article 12/12/2006   L135817 135817-1001 06/08/2019 1 06/08/2019 Journal article